<?xml version="1.0" encoding="UTF-8"?>
<marc:record xmlns:marc="http://www.loc.gov/MARC21/slim">
   <marc:leader>00000nam a2200000 a 4500</marc:leader>
   <marc:datafield ind1="1" ind2=" " tag="100">
      <marc:subfield code="a">Otter, Isabel</marc:subfield>
      <marc:subfield code="4">aut</marc:subfield>
      <marc:subfield code="e">Verfasser/-in</marc:subfield>
   </marc:datafield>
   <marc:datafield ind1="1" ind2=" " tag="100">
      <marc:subfield code="a">Rohrbacher, Beatrix</marc:subfield>
   </marc:datafield>
   <marc:datafield ind1="1" ind2=" " tag="100">
      <marc:subfield code="a">Sender, Ana</marc:subfield>
   </marc:datafield>
   <marc:datafield ind1="0" ind2="0" tag="245">
      <marc:subfield code="a">Fast vergessene Märchen</marc:subfield>
   </marc:datafield>
   <marc:datafield ind1="0" ind2="0" tag="245">
      <marc:subfield code="c">erzählt von Isabel Otter ; illustriert von Ana Sende ; Übersetzung aus dem Englischen Beatrix Rohrbacher</marc:subfield>
   </marc:datafield>
   <marc:datafield ind1=" " ind2="1" tag="264">
      <marc:subfield code="a">Schriesheim</marc:subfield>
      <marc:subfield code="b">360 Grad Verl.</marc:subfield>
      <marc:subfield code="c">2020</marc:subfield>
   </marc:datafield>
   <marc:datafield ind1="1" ind2=" " tag="520">
      <marc:subfield code="a">Märchensammlung über Heldinnen aus aller Welt. (ab 8) (JM) Auf 112 Seiten werden 20 hierzulande kaum bekannte Märchen aus 19 verschiedenen Ländern erzählt. Diese berichten von Heldinnen, die (anders als in den europäischen Märchen-Klassikern) intelligent, mutig, tapfer und listig sind. Im sibirischen Märchen "Der Schlangenkönig" etwa glaubt der Herrscher, dass seine Tochter nicht in der Lage ist, das ganze Land nach seinem Tod zu regieren und will es deshalb teilen. Die Prinzessin ist entrüstet und verlässt das Land, um eine Aufgabe zu erfüllen. Die kämpferische Frau beschließt mutig, den riesigen Schlangenkönig zu töten. Sie befreit dadurch die Seelen der Tiere und Menschen. Dafür erhält sie die Bewunderung ihres Vaters und ihr volles Erbe. Neben russischen Märchen sind auch Geschichten aus Japan, China, Fidschi oder beispielsweise Lesotho Teil dieser Sammlung. Eine Landkarte hilft, die Geschichten ihren Herkunftsregionen zuzuordnen. Außerdem gibt es auf den ersten Seiten eine Erklärung zu dieser außergewöhnlichen Sammlung. Zum Abschluss werden Hintergrundinformationen zu jedem Märchen sowie Denkanstöße geliefert. Die stimmungsvollen, farbigen Illustrationen harmonieren perfekt mit den Geschichten. "Fast vergessene Märchen" ist poetische Literatur für Kinder ab 8 Jahren und für die ganze Familie. Quelle: bn.bibliotheksnachrichten, Monika Brugger</marc:subfield>
   </marc:datafield>
   <marc:datafield ind1=" " ind2=" " tag="020">
      <marc:subfield code="a">9783961850402</marc:subfield>
      <marc:subfield code="9">9783961850402</marc:subfield>
   </marc:datafield>
   <marc:datafield ind1=" " ind2=" " tag="020">
      <marc:subfield code="a">3961850402</marc:subfield>
      <marc:subfield code="9">3961850402</marc:subfield>
   </marc:datafield>
   <marc:datafield ind1=" " ind2=" " tag="300">
      <marc:subfield code="a">107 Seiten : Illustrationen</marc:subfield>
   </marc:datafield>
</marc:record>
